| 000 | 00903nam a2200265 u 4500 | ||
|---|---|---|---|
| 001 | 67078 | ||
| 005 | 20191007111043.0 | ||
| 008 | 170330s2015 xxua r 000 0 eng d | ||
| 020 | _a9780199686674 | ||
| 040 | _erda | ||
| 041 | 0 | _aeng | |
| 082 | 0 |
_a155.7 _bGEN |
|
| 245 | 0 | 0 |
_aGenetics of psychological well-being : _bthe role of heritability and genetics in positive psychology / _cMichael Pluess (editor). |
| 250 | _aFirst edition | ||
| 264 | 1 |
_aUnited States of America : _bOxford University Press, _c2015 |
|
| 300 |
_axxii, 294 páginas : _bilustraciones ; _c25 cm. |
||
| 336 |
_atexto _2rdacontent _btxt |
||
| 337 |
_asin medio _2rdamedia _bn |
||
| 338 |
_avolumen _2rdacarrier _bnc |
||
| 490 | 0 | _aPositive Psychology Series | |
| 650 | 4 | _aPsicología positiva | |
| 650 | 4 | _aPsicología genética | |
| 700 | 1 |
_aPluess, Michael, _eeditor _93958 |
|
| 999 |
_c67078 _d67078 |
||
| 942 |
_h155.7 _iGEN _cLI |
||